| 000 | 00660nam a2200205 u 4500 | ||
|---|---|---|---|
| 005 | 20240924071241.0 | ||
| 008 | 081211s2007 ea r 000 0 spa d | ||
| 020 | _a1404271260 | ||
| 035 | _aUPN01000168478 | ||
| 049 | _aI | ||
| 050 | 4 |
_aPZ75 _bD6.5 |
|
| 100 | 1 |
_aDomínguez, Elaudy _933609 |
|
| 245 | 1 | 3 |
_aEl misterio de la montaña / _cElaudy Domínguez ; tr. María Cristina Brusca. |
| 260 |
_aNew York : _bRose Classroom Book & Materials, _c2007. |
||
| 300 |
_a16 p. : _bprincipalmente il. col. |
||
| 440 | 0 |
_aLecturas del barrio. _pMisterio |
|
| 650 | 4 |
_aLiteratura infantil _94445 |
|
| 650 | 4 |
_aLibros y lectura para niños _92290 |
|
| 905 | _aInfantil | ||
| 999 |
_c140585 _d140585 |
||